[Event "Paris-ch op-A 89th"]
[Site "Paris"]
[Date "2014.07.05"]
[Round "1"]
[White "Gervasio, Ricardo"]
[Black "Gravier, Laurent"]
[Result "1-0"]
[WhiteElo "2281"]
[BlackElo "1974"]
[PlyCount "45"]
[EventDate "2014.07.05"]
[EventType "swiss"]
[EventRounds "9"]
[EventCountry "FRA"]
[SourceTitle "EXT 2016"]
[Source "ChessBase"]
[SourceDate "2015.10.08"]
[SourceVersion "1"]
[SourceVersionDate "2015.10.08"]
[SourceQuality "1"]

1. d4 Nf6 2. c4 e6 3. Nc3 Bb4 4. e3 b6 5. Nge2 Ba6 6. a3 Bxc3+ 7. Nxc3 d5 8. b3 0-0 9. Be2 Nc6 10. 0-0 Na5 11. Rb1 c5 12. Re1 Rc8 13. dxc5 bxc5 14. cxd5 Bxe2 15. Rxe2 Nxd5 16. Nxd5 Qxd5 17. Qc2 Rfd8 18. Rd2 Qh5 19. Bb2 Rxd2 20. Qxd2 Nxb3 21. Qc3 Qg6 22. Rd1 Rb8 23. Qxb3 1-0

[Event "Val d'Oise-ch"]
[Site "Survilliers"]
[Date "2013.02.23"]
[Round "2"]
[White "Gravier, Laurent"]
[Black "Dagonia, Steve"]
[Result "0-1"]
[WhiteElo "2049"]
[BlackElo "1892"]
[PlyCount "129"]
[EventDate "2013.02.23"]
[EventType "swiss"]
[EventRounds "6"]
[EventCountry "FRA"]
[SourceTitle "EXT 2014"]
[Source "ChessBase"]
[SourceDate "2013.11.20"]
[SourceVersion "1"]
[SourceVersionDate "2013.11.20"]
[SourceQuality "1"]

1. e4 e5 2. Nf3 Nf6 3. Nxe5 Nxe4 4. d4 d5 5. Bd3 Be7 6. 0-0 0-0 7. c4 c6 8. Nc3 Nxc3 9. bxc3 Nd7 10. f4 Nf6 11. Qf3 dxc4 12. Bxc4 Nd5 13. Bd2 f6 14. Ng4 Bxg4 15. Qxg4 f5 16. Qf3 Qd7 17. Rae1 Bf6 18. Re2 Rfe8 19. Rfe1 Rxe2 20. Rxe2 Kf8 21. h3 Re8 22. Rxe8+ Kxe8 23. g4 g6 24. Bd3 Ne7 25. Qe2 Kd8 26. g5 Bg7 27. Bc4 Nd5 28. Qf3 Qe6 29. Bd3 Nb6 30. Bb1 Nc4 31. Qd3 Na3 32. Kf2 Qd5 33. Bc1 Nxb1 34. Qxb1 c5 35. dxc5 Bxc3 36. Be3 Kc7 37. Qc2 Qc4 38. Qd1 Qxa2+ 39. Kg3 Qe6 40. Bf2 Bg7 41. Qa4 Qa6 42. Qe8 Qd3+ 43. Kh2 Qd7 44. Qg8 Bc3 45. Qc4 Bg7 46. Qg8 Kc6 47. Qc4 a6 48. Qa4+ Kc7 49. Qb3 Kb8 50. Qg8+ Kc7 51. Qxh7 Qf7 52. Qh4 a5 53. Qg3 a4 54. Qd3 Qd7 55. Qc4 Kb8 56. Qg8+ Kc7 57. Qc4 Kd8 58. Qg8+ Kc7 59. Qc4 a3 60. Be1 Bf8 61. Ba5+ Kb8 62. Qg8 Qg7 63. Qd5 Qe7 64. Bb6 Qe2+ 65. Kg1 0-1

[Event "Syre Memorial op 34th"]
[Site "Issy les Moulineaux"]
[Date "2011.06.03"]
[Round "2"]
[White "Karim, Ismael"]
[Black "Gravier, Laurent"]
[Result "1-0"]
[WhiteElo "2389"]
[BlackElo "2086"]
[PlyCount "87"]
[EventDate "2011.06.03"]
[EventType "swiss"]
[EventRounds "6"]
[EventCountry "FRA"]
[SourceTitle "EXT 2012"]
[Source "ChessBase"]
[SourceDate "2011.11.24"]
[SourceVersion "1"]
[SourceVersionDate "2011.11.24"]
[SourceQuality "1"]

1. e4 c5 2. Nf3 e6 3. d4 cxd4 4. Nxd4 a6 5. c4 Nf6 6. Nc3 d6 7. Be2 Be7 8. 0-0 0-0 9. Be3 Qc7 10. Qd2 Bd7 11. Rac1 Nc6 12. f3 Nxd4 13. Qxd4 Rac8 14. Rfd1 Rfd8 15. a3 Be8 16. b4 Nd7 17. f4 Qb8 18. Qd3 Nf6 19. Bb6 Rd7 20. Qg3 e5 21. Rf1 Rc6 22. Be3 b5 23. fxe5 dxe5 24. c5 Kh8 25. Qf3 Qd8 26. Rfd1 Rxd1+ 27. Rxd1 Qc8 28. Nd5 Ng8 29. Qg3 f6 30. Bg4 Qb7 31. Qh3 Bf8 32. Nb6 Be7 33. Bc8 Qa7 34. Bd7 Bxd7 35. Qxd7 Rc7 36. Qe6 Qb7 37. Qd5 Qb8 38. h3 Qe8 39. Qe6 Qh5 40. Rd2 Qh4 41. Nd5 Qxe4 42. Bf2 Qc4 43. Rd1 Qb3 44. Re1 1-0

[Event "Cappelle op 27th"]
[Site "Cappelle la Grande"]
[Date "2011.02.28"]
[Round "4"]
[White "Cabrera Trujillo, Jorge Juan"]
[Black "Gravier, Laurent"]
[Result "1-0"]
[WhiteElo "2382"]
[BlackElo "2110"]
[PlyCount "51"]
[EventDate "2011.02.26"]
[EventType "swiss"]
[EventRounds "9"]
[EventCountry "FRA"]
[SourceTitle "CBM 141 Extra"]
[Source "ChessBase"]
[SourceDate "2011.05.03"]
[SourceVersion "1"]
[SourceVersionDate "2011.05.03"]
[SourceQuality "1"]

1. Nf3 c5 2. g3 Nf6 3. Bg2 d5 4. 0-0 e6 5. c4 Be7 6. cxd5 exd5 7. d4 Nc6 8. Nc3 h6 9. dxc5 Bxc5 10. Bf4 Be6 11. Rc1 0-0 12. Nb5 Bb6 13. Nbd4 Nxd4 14. Nxd4 Bd7 15. Qd3 Ne4 16. Be3 Re8 17. Rcd1 Rc8 18. Qb3 Rc4 19. Nc2 Bxe3 20. Nxe3 Nc5 21. Qa3 Rxe3 22. Qxe3 Bc6 23. Qe5 Nd7 24. Qd6 Qb6 25. Bxd5 Bxd5 26. Rxd5 1-0

[Event "Paris-ch op-A"]
[Site "Paris"]
[Date "2010.07.11"]
[Round "9"]
[White "Burguet, Gregory"]
[Black "Gravier, Laurent"]
[Result "0-1"]
[WhiteElo "1910"]
[BlackElo "2098"]
[PlyCount "102"]
[EventDate "2010.07.03"]
[EventType "swiss"]
[EventRounds "9"]
[EventCountry "FRA"]
[SourceTitle "CBM 137 Extra"]
[Source "ChessBase"]
[SourceDate "2010.09.01"]
[SourceVersion "1"]
[SourceVersionDate "2010.09.01"]
[SourceQuality "1"]

1. e4 c5 2. Nf3 d6 3. d4 cxd4 4. Nxd4 Nf6 5. Nc3 a6 6. Bc4 Qc7 7. Bb3 e6 8. 0-0 b5 9. a3 Be7 10. f4 0-0 11. f5 d5 12. e5 Ne8 13. Rf3 Bc5 14. Bf4 Nc6 15. Nce2 Nxe5 16. Kh1 Bd6 17. Rg3 Nf6 18. Nc3 Nc4 19. Bxd6 Qxd6 20. Qc1 e5 21. Qg5 Ne8 22. Nf3 f6 23. Qh5 Ra7 24. Rh3 g6 25. Rg3 Ng7 26. Qh3 Nxf5 27. Re1 Nxg3+ 28. Qxg3 Rg7 29. Rd1 Be6 30. a4 Qc5 31. axb5 axb5 32. h3 Rd8 33. Ne4 Qe7 34. Nc3 Ne3 35. Re1 Nf5 36. Qf2 Qb7 37. g4 Nd6 38. Kh2 Bf7 39. g5 fxg5 40. Nxe5 Nc4 41. Ng4 h5 42. Nf6+ Kh8 43. Qd4 Qc7+ 44. Kg2 h4 45. Bxc4 Qg3+ 46. Kf1 Qxh3+ 47. Kf2 Qg3+ 48. Kf1 bxc4 49. Nfxd5 Bxd5 50. Nxd5 Qf3+ 51. Kg1 Rxd5 0-1

[Event "Paris-ch op-A"]
[Site "Paris"]
[Date "2010.07.04"]
[Round "2"]
[White "Gravier, Laurent"]
[Black "Dizdarevic, Barbara"]
[Result "1-0"]
[WhiteElo "2098"]
[BlackElo "1919"]
[PlyCount "55"]
[EventDate "2010.07.03"]
[EventType "swiss"]
[EventRounds "9"]
[EventCountry "FRA"]
[SourceTitle "CBM 137 Extra"]
[Source "ChessBase"]
[SourceDate "2010.09.01"]
[SourceVersion "1"]
[SourceVersionDate "2010.09.01"]
[SourceQuality "1"]

1. e4 c5 2. Nf3 Nc6 3. Bb5 g6 4. 0-0 Bg7 5. c3 Nh6 6. d4 cxd4 7. cxd4 f6 8. Nc3 Nf7 9. Be3 0-0 10. Qd2 Kh8 11. h3 Nd6 12. Bd3 b6 13. Nd5 Bb7 14. Rac1 e6 15. Nxf6 Bxf6 16. e5 Be7 17. exd6 Bxd6 18. Be4 Be7 19. d5 exd5 20. Bxd5 Bf6 21. Ng5 Qe7 22. Rfe1 h6 23. Ne4 Be5 24. Bxh6 Rfe8 25. Ng5 Nd8 26. Bxb7 Nxb7 27. Rxe5 Qf6 28. Qxd7 1-0

[Event "Syre Memorial op 33th"]
[Site "Issy les Moulineaux"]
[Date "2010.05.16"]
[Round "6"]
[White "Gravier, Laurent"]
[Black "Lode, Peter"]
[Result "1-0"]
[WhiteElo "2100"]
[BlackElo "2045"]
[PlyCount "61"]
[EventDate "2010.05.13"]
[EventType "swiss"]
[EventRounds "6"]
[EventCountry "FRA"]
[SourceTitle "EXT 2011"]
[Source "ChessBase"]
[SourceDate "2010.11.26"]
[SourceVersion "1"]
[SourceVersionDate "2010.11.26"]
[SourceQuality "1"]

1. e4 d5 2. exd5 Qxd5 3. Nc3 Qa5 4. b4 Qxb4 5. Rb1 Qd6 6. Nf3 a6 7. d4 Nf6 8. Bd3 g6 9. 0-0 Bg7 10. Rb3 0-0 11. Ba3 Qd8 12. Re1 Re8 13. Ne5 Nbd7 14. Qf3 c6 15. Bc4 Nxe5 16. dxe5 b5 17. exf6 bxc4 18. fxe7 Qd2 19. Rd1 Qxc2 20. Qxc6 Bd7 21. Rxd7 Bf6 22. Qxc4 Rac8 23. Qf1 Rxc3 24. Rxc3 Qxc3 25. Bc1 Rxe7 26. Bd2 Qc2 27. Rd8+ Kg7 28. Bb4 Re1 29. Bf8+ Kg8 30. Be7+ Kg7 31. Bxf6+ 1-0

[Event "Syre Memorial op 30th"]
[Site "Issy les Moulineaux"]
[Date "2007.05.18"]
[Round "3"]
[White "Brunier, Jules"]
[Black "Gravier, Laurent"]
[Result "1/2-1/2"]
[WhiteElo "1841"]
[BlackElo "2071"]
[PlyCount "36"]
[EventDate "2007.05.17"]
[EventType "swiss"]
[EventRounds "6"]
[EventCountry "FRA"]
[SourceTitle "EXT 2008"]
[Source "ChessBase"]
[SourceDate "2007.11.25"]
[SourceVersion "1"]
[SourceVersionDate "2007.11.25"]
[SourceQuality "1"]

1. e4 c5 2. c3 Nf6 3. e5 Nd5 4. d4 cxd4 5. Nf3 e6 6. cxd4 d6 7. Nc3 Nc6 8. Nxd5 exd5 9. Bf4 Be7 10. Be2 0-0 11. 0-0 Be6 12. Rc1 a6 13. a3 Rc8 14. Qd2 dxe5 15. Nxe5 Nxe5 16. Bxe5 Qd7 17. Bd3 Rxc1 18. Rxc1 Rc8 1/2-1/2

[Event "FRA-chT3"]
[Site "Maisons Alfort"]
[Date "2001.04.01"]
[Round "9.6"]
[White "Coulombier, Stephane"]
[Black "Gravier, Laurent"]
[Result "0-1"]
[WhiteElo "2040"]
[BlackElo "2050"]
[PlyCount "38"]
[EventDate "2001.03.31"]
[EventType "team-tourn"]
[EventRounds "9"]
[EventCountry "FRA"]
[SourceTitle "EXT 2003"]
[Source "ChessBase"]
[SourceDate "2002.11.25"]
[SourceVersion "1"]
[SourceVersionDate "2002.11.25"]
[SourceQuality "1"]

1. e4 c5 2. Nf3 Nc6 3. d4 cxd4 4. Nxd4 Nf6 5. Nc3 e6 6. Be2 Bb4 7. Nxc6 bxc6 8. e5 Ne4 9. Qd3 Qa5 10. 0-0 Nxc3 11. bxc3 Bxc3 12. f4 Bxa1 13. Bd2 Qc5+ 14. Be3 Qc3 15. Qe4 a5 16. Rd1 Bb2 17. Bc4 Ba6 18. Bb3 a4 19. Bxa4 Be2 0-1